Adivina los Estados de EE.UU. Dibujados - Estadísticas

Estadísticas generales
  • Esta prueba ha sido intentada 45 veces
  • La puntuación promedio es 6 de 10
Respuestas en el mapa
Las respuestas están codificadas por una escala verde-roja en el mapa de la prueba según el % correcto abajo.
 
Estadísticas de respuestas
% Correcto
Arkansas
100%
California
100%
Carolina del Norte
100%
Colorado
100%
Iowa
100%
Maryland
100%
Nevada
100%
Nueva Jersey
100%
Oklahoma
100%
Pensilvania
100%
Tennessee
100%
Texas
100%
Virginia
100%
Connecticut
75%
Kansas
75%
Oregón
75%
Alaska
67%
Delaware
67%
Georgia
67%
Hawái
67%
Minnesota
67%
Misisipi
67%
Nuevo México
67%
Ohio
67%
Virginia Occidental
67%
Arizona
50%
Carolina del Sur
50%
Indiana
50%
Massachusetts
50%
Nebraska
50%
Wisconsin
50%
Alabama
33%
Dakota del Norte
33%
Idaho
33%
Luisiana
33%
Míchigan
33%
Washington
33%
Dakota del Norte
0%
Florida
0%
Illinois
0%
Kentucky
0%
Maine
0%
Misuri
0%
Montana
0%
Nueva York
0%
Nuevo Hampshire
0%
Rhode Island
0%
Utah
0%
Vermont
0%
Wyoming
0%
No se encontraron pruebas coincidentes
Distribución de puntuación
Porcentaje de gente con cada puntuación
Porcentaje por número respondido
Historial de tus puntuaciones
No has intentado esta prueba.